Villes de France qui comptent le plus de piscines - Statistiques

Statistiques générales
  • Ce quiz a été pris 125 fois
  • Le résultat moyen est 18 sur 30
Statistiques - réponses
Dpt. Ville Nbre de Piscines % Correct
75 Paris 85
98%
69 Lyon 14
95%
13 Marseille 30
95%
06 Nice 12
93%
31 Toulouse 14
87%
44 Nantes 6
81%
34 Montpellier 10
80%
67 Strasbourg 7
79%
29 Brest 8
69%
83 Toulon 7
66%
30 Nîmes 11
65%
42 Saint-Etienne 6
64%
21 Dijon 8
63%
974 Saint-Denis 14
63%
38 Grenoble 6
58%
49 Angers 6
56%
80 Amiens 6
55%
84 Avignon 8
55%
76 Le Havre 7
55%
57 Metz 6
54%
13 Aix-en-Provence 7
53%
51 Reims 6
53%
72 Le Mans 8
49%
87 Limoges 6
43%
68 Mulhouse 6
41%
25 Besançon 6
40%
974 Saint-Paul 9
33%
88 Epinal 6
30%
73 Aix-les-Bains 6
17%
973 Remire-Montjoly 6
5%
Aucun quiz correspondant
Distribution des résultats
% des personnes avec chaque résultat
Percentile par nombre de réponses
Votre historique - résultats
Vous n’avez pas pris ce quiz